Pandryf czy youtubeplayer? - Statystyki

Ogólne statystyki
  • Ten quiz został rozwiązany 17 razy
  • Średni wynik to 7 z 10
Statystyki odpowiedzi
Zagadnienie Odpowiedź % Poprawnych
Posiada JetPunk Premium youtubeplayer
79%
Ma polecony angielski quiz youtubeplayer
79%
Posiada więcej odznak Pandryf
71%
Jest adminem polskiego JetPunka youtubeplayer
71%
Ma więcej polecanych quizów youtubeplayer
71%
Jest jednym z dwóch założycieli serwera Discord JetPunk Polska youtubeplayer
71%
Ma więcej blogów Pandryf
57%
Ma wyższy łączny poziom na JetPunku Pandryf
57%
Posiada quiz "Wszystkie miasta w Polsce na mapie" youtubeplayer
57%
Posiada więcej quizów Pandryf
36%
Nie znaleziono quizów pasujących do podanych kryteriów
Rozkład punktacji
Procent ludzi z każdym wynikiem
Percentyl według liczby udzielonych odpowiedzi
Twoja historia wyników
Nie rozwiązałeś tego quizu